000 00498pam a2200193 a 4500
020 _c105.00 (PB)
041 _aeng
_hNULL
082 _a616
_bDAL/DAG
100 _aDALAL, B .
245 _aNOTES FOR FINAL MBBS /
_cNULL.
_hTextual Documents
260 _aNULL :
_bDALAI DAGLI ,
_c2003.
300 _a66 :
_bSPIRIAL BIND ;
_cA4 .
365 _a105.00
_e4
700 _aDAGLI, P .
907 _a1675
_a1676
_a1677
_a1678
930 _a359
999 _c794895
_d794895
650 _aGEN.MEDICINE